000 00390nam a2200157Ia 4500
003 OSt
005 20240208102401.0
008 170524s9999 xx 000 0 und d
020 _a978-0070635869
040 _cIIMT UNIVERSITY
100 _aSHARMA RADHA R
100 _c2012
245 0 _aCHANGE MANAGEMENT & ORGANISATIONAL TRANSFORMATION
260 _aTATA MC GRAW HILL
942 _2ddc
_c02
999 _c2679
_d2679